Statistics for College Football Matchups: UCF

Click here to take the quiz!

General Stats

  • This quiz has been taken 8 times
  • The average score is 9 of 16

Answer Stats

# of GamesOpponentLast Meeting% Correct
14South Florida11/26/2022
100%
11Houston11/25/2023
88%
21East Carolina10/22/2022
75%
17Memphis11/05/2022
75%
11SMU10/05/2022
75%
13Tulane12/03/2022
75%
*9Cincinnati11/04/2023
63%
10Temple10/14/2022
63%
12Tulsa10/03/2020
50%
11Georgia Southern10/26/1991
38%
12Marshall12/23/2019
38%
10UAB11/24/2012
38%
17Bethune-Cookman09/11/2021
25%
10Eastern Kentucky10/14/2000
25%
11Liberty09/28/2002
25%
11Samford09/05/2009
25%

Score Distribution

Percentile by Number Answered

Percent of People with Each Score

Your Score History

You have not taken this quiz